Men's Tennis - ATP Masters 1000 & ATP Finals' Champions (since 1990) - Statistics

General Stats
  • This quiz has been taken 4,412 times
    985 since last reset
  • The average score is 40 of 85
Answer Stats
Number of titles Player % Correct
47 Novak Djokovic
99%
36 Rafael Nadal
99%
08 Carlos Alcaraz
98%
34 Roger Federer
98%
12 Jannik Sinner
96%
15 Andy Murray
94%
04 Andreï Medvedev
89%
07 Daniil Medvedev
89%
09 Alexander Zverev
88%
18 Andre Agassi
88%
16 Pete Sampras
84%
01 Stanislas Wawrinka
81%
04 Stéfanos Tsitsipás
77%
01 Juan Martín del Potro
75%
05 Andy Roddick
72%
01 David Ferrer
72%
01 Dominic Thiem
72%
01 Marin Čilić
70%
02 Andrey Rublev
69%
01 Casper Ruud
68%
07 Boris Becker
67%
04 Lleyton Hewitt
67%
01 Jack Draper
64%
02 Jo-Wilfried Tsonga
64%
01 Taylor Fritz
64%
01 Holger Rune
63%
01 Ben Shelton
62%
02 Grigor Dimitrov
58%
05 Marat Safin
58%
04 Juan Carlos Ferrero
57%
04 Stefan Edberg
57%
06 Gustavo Kuerten
56%
01 John Isner
55%
01 Valentin Vacherot
55%
01 Jakub Menšík
53%
07 Michael Chang
51%
01 Cameron Norrie
49%
03 Carlos Moyà
49%
01 Karen Khachanov
49%
02 Goran Ivanišević
47%
05 Jim Courier
47%
04 Nikolay Davydenko
47%
01 Fabio Fognini
45%
02 Hubert Hurkacz
45%
02 Patrick Rafter
45%
03 David Nalbandian
44%
01 Tomáš Berdych
44%
01 Jack Sock
42%
01 Robin Söderling
42%
01 Alexei Popyrin
41%
05 Marcelo Ríos
38%
08 Thomas Muster
37%
01 Pablo Carreño Busta
36%
02 Guillermo Coria
35%
01 Petr Korda
35%
01 Borna Ćorić
34%
03 Michael Stich
33%
01 Ivan Ljubičić
32%
01 Albert Costa
31%
01 Tim Henman
31%
01 Mark Philippoussis
28%
01 Thomas Johansson
28%
03 Àlex Corretja
27%
02 Richard Krajicek
27%
02 Sergi Bruguera
27%
01 Tommy Haas
25%
01 Sébastien Grosjean
23%
01 Cédric Pioline
21%
02 Guy Forget
20%
01 Greg Rusedski
18%
01 Magnus Norman
18%
03 Thomas Enqvist
18%
01 Tommy Robredo
17%
02 Wayne Ferreira
15%
01 Emilio Sánchez
14%
01 Guillermo Cañas
12%
02 Andrei Chesnokov
10%
01 Félix Mantilla
10%
01 Andrei Pavel
9%
01 Mikael Pernfors
8%
01 Roberto Carretero
8%
01 Albert Portas
7%
01 Chris Woodruff
7%
01 Karel Nováček
7%
01 Juan Aguilera
6%
No matching quizzes found
Score Distribution
Percent of People with Each Score
Percentile by Number Answered
Your Score History
You have not taken this quiz since the last reset